ಆವಿಷ್ಕಾರದ ಸಾಧನ: ರಾಸ್ ಬೆರ್ರಿ ಪೈ (Record no. 11632)

000 -LEADER
fixed length control field 00608nam a22001457a 4500
005 - DATE AND TIME OF LATEST TRANSACTION
control field 20230616154705.0
008 - FIXED-LENGTH DATA ELEMENTS--GENERAL INFORMATION
fixed length control field 230425b xxu||||| |||| 00| 0 eng d
082 ## - DEWEY DECIMAL CLASSIFICATION NUMBER
Classification number 004.678
Item number HUT
100 ## - MAIN ENTRY--PERSONAL NAME
Personal name Mahadevayya
245 ## - TITLE STATEMENT
Title ಆವಿಷ್ಕಾರದ ಸಾಧನ: ರಾಸ್ ಬೆರ್ರಿ ಪೈ
Remainder of title Aavishkarad Sadhan: Rass Berri Pai
Statement of responsibility, etc. Mahadevayya
260 ## - PUBLICATION, DISTRIBUTION, ETC.
Place of publication, distribution, etc. Belagavi
Name of publisher, distributor, etc. Prasaranga, Visveswaraya Technological University ( VTU )
Date of publication, distribution, etc. 2021
300 ## - PHYSICAL DESCRIPTION
Extent 96p.
440 ## - SERIES STATEMENT/ADDED ENTRY--TITLE
Title Janpriya Taantrika Shikshana Maale (ಜನಪ್ರಿಯ ತಾಂತ್ರಿಕ ಶಿಕ್ಷಣ ಮಾಲೆ)
650 ## - SUBJECT ADDED ENTRY--TOPICAL TERM
Topical term or geographic name entry element General
Holdings
Withdrawn status Lost status Source of classification or shelving scheme Damaged status Not for loan Permanent Location Current Location Date acquired Source of acquisition Cost, normal purchase price Full call number Barcode Date last seen Cost, replacement price Price effective from Koha item type
          BMS College of Architecture, Design and Planning BMS College of Architecture, Design and Planning 2023-06-19 15 30.92 004.678 HUT AR-UG3116 2023-06-19 30.92 2023-06-19 UG Books
          BMS College of Architecture, Design and Planning BMS College of Architecture, Design and Planning 2023-06-19 15 30.92 004.678 HUT AR-UG3117 2023-06-19 30.92 2023-06-19 UG Books
          BMS College of Architecture, Design and Planning BMS College of Architecture, Design and Planning 2023-06-19 15 30.92 004.678 HUT AR-UG3118 2023-06-19 30.92 2023-06-19 UG Books
          BMS College of Architecture, Design and Planning BMS College of Architecture, Design and Planning 2023-06-19 15 30.92 004.678 HUT AR-UG3119 2023-06-19 30.92 2023-06-19 UG Books
Copyright © 2025, The Librarian, Library and Information Centre, BMSCA D&P, Bengaluru. All Rights Reserved
web counter

Powered by Koha